[Event "Oberliga Ost-A 1920"]
[Site "Germany"]
[Date "2019.11.17"]
[Round "3.1"]
[White "Stein, Robert"]
[Black "Natsidis, Christoph"]
[Result "0-1"]
[WhiteElo "2325"]
[BlackElo "2352"]
[PlyCount "164"]
[EventDate "2019.09.29"]
[EventType "team-tourn"]
[EventRounds "11"]
[EventCountry "GER"]
[SourceTitle "EXT 2021"]
[Source "ChessBase"]
[SourceDate "2020.10.23"]
[SourceVersion "1"]
[SourceVersionDate "2020.10.23"]
[SourceQuality "1"]
[WhiteTeam "Loeberitz"]
[BlackTeam "Leipzig SG"]
[WhiteTeamCountry "GER"]
[BlackTeamCountry "GER"]

1. d4 Nf6 2. c4 c5 3. d5 b5 4. cxb5 a6 5. bxa6 g6 6. Nc3 Bg7 7. e4 0-0 8. a7 Rxa7 9. Nf3 d6 10. Be2 Ba6 11. 0-0 Nbd7 12. a4 Ne8 13. Bxa6 Rxa6 14. Qe2 Nc7 15. Bg5 Re8 16. Nd2 Qa8 17. Nc4 Bxc3 18. bxc3 f6 19. Bd2 Rxa4 20. Rxa4 Qxa4 21. h4 Qb5 22. Re1 Ra8 23. Bf4 Ra4 24. Nd2 Qxe2 25. Rxe2 Kf7 26. g3 Nb5 27. Re3 Nb6 28. Rf3 Ke8 29. g4 Nc4 30. Nf1 Ra3 31. Nd2 Rxc3 32. Rxc3 Nxc3 33. Nxc4 Ne2+ 34. Kg2 Nxf4+ 35. Kg3 Ne2+ 36. Kf3 Nc3 37. Ke3 Kd7 38. f4 Nd1+ 39. Ke2 Nc3+ 40. Kd3 Nb5 41. f5 Ke8 42. Ke3 Kf7 43. Kf4 Nd4 44. Nb6 gxf5 45. exf5 h6 46. Nc4 Ne2+ 47. Ke3 Nc3 48. Nb6 Ke8 49. Kd3 Nb5 50. Nc4 Nd4 51. Ke4 Kd8 52. Ne3 Nb5 53. Kd3 Ke8 54. Ng2 Nd4 55. Ke4 Ne2 56. Ke3 Nc3 57. Nf4 Na4 58. Kd3 Nb6 59. Ke4 Nd7 60. Ne6 Ne5 61. g5 fxg5 62. hxg5 hxg5 63. Nxg5 Ng4 64. Kd3 Nf6 65. Kc4 Kf8 66. Ne6+ Kf7 67. Ng5+ Kg7 68. Ne6+ Kh6 69. Kb5 Nxd5 70. Kc6 Nf6 71. Kc7 c4 72. Kd8 c3 73. Nd4 Ng8 74. Kd7 Kg5 75. Ke6 Nh6 76. Ne2 c2 77. Kxe7 Nxf5+ 78. Kd7 d5 79. Nc1 d4 80. Kc6 Kf4 81. Kd5 Ke3 82. Kc4 Kd2 0-1